<?xml version="1.0" encoding="UTF-8"?><?xml-stylesheet type="text/xsl" href="static/style.xsl"?><OAI-PMH xmlns="http://www.openarchives.org/OAI/2.0/" xmlns:xsi="http://www.w3.org/2001/XMLSchema-instance" xsi:schemaLocation="http://www.openarchives.org/OAI/2.0/ http://www.openarchives.org/OAI/2.0/OAI-PMH.xsd"><responseDate>2026-04-18T02:22:04Z</responseDate><request verb="GetRecord" identifier="oai:www.recercat.cat:20.500.12328/5217" metadataPrefix="marc">https://recercat.cat/oai/request</request><GetRecord><record><header><identifier>oai:recercat.cat:20.500.12328/5217</identifier><datestamp>2026-02-28T19:54:53Z</datestamp><setSpec>com_2072_67741</setSpec><setSpec>col_2072_484355</setSpec></header><metadata><record xmlns="http://www.loc.gov/MARC21/slim" xmlns:dcterms="http://purl.org/dc/terms/" xmlns:xsi="http://www.w3.org/2001/XMLSchema-instance" xmlns:doc="http://www.lyncode.com/xoai" xsi:schemaLocation="http://www.loc.gov/MARC21/slim http://www.loc.gov/standards/marcxml/schema/MARC21slim.xsd">
   <leader>00925njm 22002777a 4500</leader>
   <datafield ind2=" " ind1=" " tag="042">
      <subfield code="a">dc</subfield>
   </datafield>
   <datafield ind2=" " ind1=" " tag="720">
      <subfield code="a">Boldó Callicó, Iana</subfield>
      <subfield code="e">author</subfield>
   </datafield>
   <datafield ind2=" " ind1=" " tag="260">
      <subfield code="c">2025-10-25</subfield>
   </datafield>
   <datafield ind2=" " ind1=" " tag="520">
      <subfield code="a">L’evidència disponible indica que les dones en situació de prostitució presenten una exposició elevada i continuada a experiències adverses, sovint iniciades a la infància i mantingudes a l’edat adulta a través de dinàmiques de violència i revictimització. Des d’aquesta perspectiva, el trauma complex constitueix el marc més adequat per comprendre l’acumulació d’aquestes vivències i les afectacions de salut mental associades. L’objectiu d’aquest treball és analitzar les seqüeles psicològiques i neuropsicològiques vinculades al trauma complex en dones en situació de prostitució. Per això, s’ha dut a terme una revisió sistemàtica d’articles publicats entre el 2015 i 2025 a Web of Science, Scopus i PsycInfo, seguint el protocol PRISMA. Després d’aplicar els criteris de selecció, s’hi van incloure 22 estudis. Els resultats mostren una elevada prevalença d’abús infantil, violència acumulada i ús de la dissociació com a mecanisme d’afrontament. També es constata una alta càrrega psicopatològica, especialment depressió, ansietat, trastorn d’estrès posttraumàtic, consum de substàncies i, en menor mesura, trastorns de la personalitat. Tot i això, només un dels estudis detecta alteracions en la memòria. En conclusió, aquesta revisió evidencia la rellevància del trauma complex per comprendre el malestar psicològic associat a la prostitució i posa de manifest la necessitat d’incorporar l’avaluació neuropsicològica tant en la recerca com en la pràctica clínica.</subfield>
   </datafield>
   <datafield ind1="8" ind2=" " tag="024">
      <subfield code="a">https://hdl.handle.net/20.500.12328/5217</subfield>
   </datafield>
   <datafield tag="653" ind2=" " ind1=" ">
      <subfield code="a">Prostitució</subfield>
   </datafield>
   <datafield tag="653" ind2=" " ind1=" ">
      <subfield code="a">Trauma complex</subfield>
   </datafield>
   <datafield tag="653" ind2=" " ind1=" ">
      <subfield code="a">Salut mental</subfield>
   </datafield>
   <datafield tag="653" ind2=" " ind1=" ">
      <subfield code="a">Neuropsicologia</subfield>
   </datafield>
   <datafield tag="653" ind2=" " ind1=" ">
      <subfield code="a">Revisió sistemàtica</subfield>
   </datafield>
   <datafield tag="653" ind2=" " ind1=" ">
      <subfield code="a">Prostitution</subfield>
   </datafield>
   <datafield tag="653" ind2=" " ind1=" ">
      <subfield code="a">Complex trauma</subfield>
   </datafield>
   <datafield tag="653" ind2=" " ind1=" ">
      <subfield code="a">Mental health</subfield>
   </datafield>
   <datafield tag="653" ind2=" " ind1=" ">
      <subfield code="a">Neuropsychology</subfield>
   </datafield>
   <datafield tag="653" ind2=" " ind1=" ">
      <subfield code="a">Systematic review</subfield>
   </datafield>
   <datafield tag="653" ind2=" " ind1=" ">
      <subfield code="a">Prostitución</subfield>
   </datafield>
   <datafield tag="653" ind2=" " ind1=" ">
      <subfield code="a">Trauma complejo</subfield>
   </datafield>
   <datafield tag="653" ind2=" " ind1=" ">
      <subfield code="a">Salud mental</subfield>
   </datafield>
   <datafield tag="653" ind2=" " ind1=" ">
      <subfield code="a">Neuropsicología</subfield>
   </datafield>
   <datafield tag="653" ind2=" " ind1=" ">
      <subfield code="a">Revisión sistemática</subfield>
   </datafield>
   <datafield ind2="0" ind1="0" tag="245">
      <subfield code="a">Trauma complex i salut mental en dones en situació de prostitució: una revisió sistemàtica de les seqüeles psicològiques i neuropsicològiques</subfield>
   </datafield>
</record></metadata></record></GetRecord></OAI-PMH>